|
|
|
|
| LEADER |
00961nam a2200265 a 4500 |
| 001 |
553 |
| 003 |
BD-DhAAL |
| 005 |
20150629105357.0 |
| 008 |
150629s2002 bg a b 000 0 eng |
| 020 |
|
|
|a 9843203776
|
| 040 |
|
|
|a ANL
|b eng
|d BD-DhAAL
|
| 082 |
0 |
4 |
|a 323.095492
|2 22
|
| 245 |
0 |
0 |
|a Human rights in Bangladesh 2001/
|c editor, Hameeda Hossain.
|
| 260 |
|
|
|a Dhaka, Bangladesh :
|b Ain o Salish Kendra (ASK),
|c 2002.
|
| 300 |
|
|
|a ix, 254 p. :
|b ill. ;
|c 22 cm.
|
| 504 |
|
|
|a Includes bibliographical references.
|
| 541 |
|
|
|e 553
|
| 650 |
|
0 |
|a Human rights
|z Bangladesh
|9 7227
|
| 650 |
|
0 |
|a Civil rights
|z Bangladesh.
|9 12616
|
| 651 |
|
0 |
|a Bangladesh
|x Social policy.
|9 12617
|
| 651 |
|
0 |
|a Bangladesh
|x Politics and government
|y 1971-
|9 12618
|
| 700 |
1 |
|
|a Hossain, Hameeda.
|9 12619
|
| 942 |
|
|
|2 ddc
|c BK
|
| 999 |
|
|
|c 34880
|d 34880
|
| 952 |
|
|
|0 0
|1 0
|2 ddc
|4 0
|6 323_095492000000000_HUM
|7 0
|9 54595
|a SCL
|b SCL
|c GEN
|d 2015-06-29
|l 0
|o 323.095492 HUM
|p 3020000553
|r 2015-06-29
|t 1
|w 2015-06-29
|y BK
|